000 02626nam0a2200373 4500
001 RU\NLR\BIBL_A\011671058
005 20180417132108.0
010 _a978-5-7513-2452-0
_950
021 _aRU
_bКН-П-18-014790
_9КН-П-18-1063
035 _a(NLR Aleph) 011671058
035 _a(RuMoRGB)009557936
090 _a11236614
_c11236614
100 _a20180404d2017 u y0rusy50 ca
101 0 _arus
102 _aRU
105 _ay|||j|||000zy
200 1 _aСамостоятельная работа студентов по дисциплине "Естествознание: Зоология и краеведение"
_eучебное пособие
_e[по направлению подготовки] 44.03.01 Педагогическое образование [профиль подготовки] Начальное образование [для студентов педагогических учебных заведений очной, заочной, дистанционной форм обучения]
_fМинистерство образования и науки Российской Федерации, Северо-Восточный федеральный университет имени М. К. Аммосова
_g[составители: Л. И. Григорьева, А. Г. Неустроева]
210 _aЯкутск
_cСеверо-Восточный федеральный университет
_d2017
215 _a79 с.
_cтабл.
_d20
320 _aБиблиогр.: с. 79 (8 назв.)
606 1 _aЖивотные
_jУчебные издания для высших учебных заведений
_yСаха (Якутия), Республика
_92374608
_3RU\NLR\AUTH\661417170
606 1 _aПрирода
_jУчебные издания для высших учебных заведений
_yСаха (Якутия), Республика
_92507490
_3RU\NLR\AUTH\661486741
686 _aЕ693.3-85я73-1
_2rubbk
686 _aЕ685.9(2Р54-6Я)я73-1
_2rubbk
686 _aД9(2Р54-6Я)82я73-1
_2rubbk
686 1 _aЕ585.9(2Р54-6Я)я731
686 1 _aД829(2Р54-6Я)я73
702 1 _4220
_7ca
_8rus
_aГригорьева
_bЛ. И.
_cканд. пед. наук
_gЛюбовь Ивановна
_9109721
_3RU\NLR\AUTH\77126797
712 0 2 _4570
_aСеверо-Восточный федеральный университет им. М. К. Аммосова
_cЯкутск
_9852256
_3RU\NLR\AUTH\8810178060
942 _cBOOK
980 _aNB